000 00330nam a22001457a 4500
003 OSt
008 250502b |||||||| |||| 00| 0 eng d
100 _aLAAJPATRAI,Lala
245 _aChattarpatti Shivaji
250 _a12th
260 _aNew Delhi
_bArya Prakashan
_c2012
300 _a128
650 _aGeneral
942 _2ddc
_cBK
999 _c13492
_d13492